000
00239nam a2200097Ia 4500
008
120527s9999 xx 000 0 und d
100
_a
SNYDER,W.James.
245
_a
1991 year book of clinical micriobiology.
260
_b
C.R.C
942
_c
BK
999
_c
24048
_d
24048